• 首页
  • 本馆介绍
  • 公告通知
  • 最新文献
  • 馆藏检索
  • 电子资源
  • 读者导购
  • 参考咨询
  • 我的图书馆
  • 登录
  • 详细信息显示
  • 放入我的书架
  • 预约/预借图书
  • 作者相关作品
  • 分类相关作品
  • 丛书相关作品
  • 出版社相关作品

书目信息

  • 表格格式
  • 工作单格式
  • 卡片格式
题名:
高血压预防与调养
    
 
作者: 郭力 , 李廷俊 主编
分册:  
出版信息: 北京   中国中医药出版社  2016
页数: 18,290页
开本: 21cm
丛书名: 常见病预防与调养丛书
单 册:
中图分类: R259.441
科图分类:
主题词: 高血压--gao xue ya--中医治疗法
电子资源:
ISBN: 978-7-5132-3172-5
000 00993nam0 22002651 450
001 1755147801
005 20170602161325.0
010    @a978-7-5132-3172-5@dCNY29.00
100    @a20161020d2016 em y0chiy50 ea
101 0  @achi
102    @aCN@b110000
105    @ay z 000yy
106    @ar
200 1  @a高血压预防与调养@Agao xue ya yu fang yu tiao yang@f郭力,李廷俊主编
210    @a北京@c中国中医药出版社@d2016
215    @a18,290页@d21cm
225 2  @a常见病预防与调养丛书@Achang jian bing yu fang yu tiao yang cong shu
330    @a本书共七章,主要介绍了高血压的病因,症状、危害、预防及调养方案,具体内容包括:中药方剂、药茶、药粥、药汤、果蔬汁、保健菜肴、药浴、按摩、刮痧、拔罐、敷贴等方法。
461  0 @12001 @a常见病预防与调养丛书
606 0  @a高血压@Agao xue ya@x中医治疗法
690    @aR259.441@v5
701  0 @a郭力@Aguo li@f(1964.1~)@4主编
701  0 @a李廷俊@Ali ting juan@f(1944.1~)@4主编
801  0 @aCN@bTANGWEI@c20170602
905    @b0972287-90@dR259.441@e394@f4
    
    高血压预防与调养/郭力,李廷俊主编.-北京:中国中医药出版社,2016
    18,290页;21cm.-(常见病预防与调养丛书)
    
    
    ISBN 978-7-5132-3172-5:CNY29.00
    本书共七章,主要介绍了高血压的病因,症状、危害、预防及调养方案,具体内容包括:中药方剂、药茶、药粥、药汤、果蔬汁、保健菜肴、药浴、按摩、刮痧、拔罐、敷贴等方法。
●
相关链接 在E读中查询图书 在五车中查询图书 在当当中查询图书 在豆瓣中查询图书


正题名:高血压预防与调养     索取号:R259.441/394         预约/预借

序号 登录号 条形码 馆藏地/架位号 状态 备注
1 0972287   209722870   第二样本阅览室/ [索取号:R259.441/394] 在馆    
2 0972288   209722889   第三借阅区/ [索取号:R259.441/394] 在馆    
3 0972289   209722898   第三借阅区/ [索取号:R259.441/394] 在馆    
4 0972290   209722905   第三借阅区/ [索取号:R259.441/394] 在馆    
唐山师范学院图书馆 欢迎您!
大连网信软件有限公司© 版权所有